=LDR 00000nam 2200000 4500 =001 INLIS000000000028959 =005 20130612131229 =008 ***********************************Ind** =035 ##$$0010-061300000028959 =041 ##$$a Ind =082 ##$$a 813 =090 ##$$a 813, Toe k =100 ##$$a Toer, Pramoedya Ananta =245 ##$$a Keluarga gerilya, Pramoedya Ananta Toer =850 ##$$a NBPNMAT =990 ##$$a 0001/BPAP-NTB/2016